Ignition of Forest Combustible Materials in a High-Temperature Medium; Journal of Engineering Physics and Thermophysics; Vol. 93, iss. 5

Dades bibliogràfiques
Parent link:Journal of Engineering Physics and Thermophysics
Vol. 93, iss. 5.— 2020.— [P. 1266-1271]
Autor principal: Baranovskiy N. V. Nikolay Viktorovich
Autor corporatiu: Национальный исследовательский Томский политехнический университет Инженерная школа энергетики Научно-образовательный центр И. Н. Бутакова (НОЦ И. Н. Бутакова)
Altres autors: Kirienko V. A. Viktoriya Andreevna
Sumari:Title screen
The ignition of typical forest combustible materials (birch leaves) at temperatures characteristic of a crown forest fire was investigated. The dependence of the delay time of ignition of a birch-leaf sheet on the temperature of the surrounding medium was determined, and the mechanism of ignition of leaves in a high-temperature medium was revealed. A mathematical model of classification of forest combustible materials on the basis of experimental data on their properties has been developed.
Режим доступа: по договору с организацией-держателем ресурса
Idioma:anglès
Publicat: 2020
Matèries:
Accés en línia:https://doi.org/10.1007/s10891-020-02230-4
Format: MixedMaterials Electrònic Capítol de llibre
KOHA link:https://koha.lib.tpu.ru/cgi-bin/koha/opac-detail.pl?biblionumber=662960

MARC

LEADER 00000naa0a2200000 4500
001 662960
005 20250417142605.0
035 |a (RuTPU)RU\TPU\network\34128 
090 |a 662960 
100 |a 20210115d2020 k||y0rusy50 ba 
101 0 |a eng 
102 |a US 
135 |a drcn ---uucaa 
181 0 |a i  
182 0 |a b 
200 1 |a Ignition of Forest Combustible Materials in a High-Temperature Medium  |f N. V. Baranovskiy, V. A. Kirienko 
203 |a Text  |c electronic 
300 |a Title screen 
320 |a [References: 30 tit.] 
330 |a The ignition of typical forest combustible materials (birch leaves) at temperatures characteristic of a crown forest fire was investigated. The dependence of the delay time of ignition of a birch-leaf sheet on the temperature of the surrounding medium was determined, and the mechanism of ignition of leaves in a high-temperature medium was revealed. A mathematical model of classification of forest combustible materials on the basis of experimental data on their properties has been developed. 
333 |a Режим доступа: по договору с организацией-держателем ресурса 
461 |t Journal of Engineering Physics and Thermophysics 
463 |t Vol. 93, iss. 5  |v [P. 1266-1271]  |d 2020 
610 1 |a электронный ресурс 
610 1 |a труды учёных ТПУ 
610 1 |a forest combustible materials 
610 1 |a ignition 
610 1 |a crown forest fire 
610 1 |a ignition delay time 
610 1 |a лесные горючие материалы 
610 1 |a зажигание 
610 1 |a experiment 
610 1 |a high-temperature medium 
610 1 |a mathematical model 
610 1 |a эксперименты 
610 1 |a математическая модель 
700 1 |a Baranovskiy  |b N. V.  |c specialist in electrical engineering  |c Associate Professor of Tomsk Polytechnic University, Candidate of physical and mathematical sciences  |f 1978-  |g Nikolay Viktorovich  |3 (RuTPU)RU\TPU\pers\34172  |9 17706 
701 1 |a Kirienko  |b V. A.  |c specialist in the field of heat, power engineering and thermal engineering  |c engineer of Tomsk Polytechnic University  |f 1997-  |g Viktoriya Andreevna  |3 (RuTPU)RU\TPU\pers\46765  |9 22401 
712 0 2 |a Национальный исследовательский Томский политехнический университет  |b Инженерная школа энергетики  |b Научно-образовательный центр И. Н. Бутакова (НОЦ И. Н. Бутакова)  |3 (RuTPU)RU\TPU\col\23504  |9 28320 
801 2 |a RU  |b 63413507  |c 20210210  |g RCR 
850 |a 63413507 
856 4 |u https://doi.org/10.1007/s10891-020-02230-4 
942 |c CF